书目信息 |
| 题名: |
伊朗核问题与国际安全
|
|
| 作者: | 郑雪飞 著 | |
| 分册: | ||
| 出版信息: | 郑州 河南人民出版社 2007.11 |
|
| 页数: | 30页 | |
| 开本: | ||
| 丛书名: | ||
| 单 册: | ||
| 中图分类: | D815.2 | |
| 科图分类: | ||
| 主题词: | 国际关系 | |
| 电子资源: | ||
| ISBN: | 7-215-06370-4 | |
| 000 | 00551nam0 2200193 450 | |
| 001 | 1842214612 | |
| 005 | 20181219114336.00 | |
| 010 | @a7-215-06370-4@dCNY1.50 | |
| 100 | @a20181219d2007 km y0chiy0120 ea | |
| 101 | 0 | @achi |
| 102 | @aCN@b410000 | |
| 200 | 1 | @a伊朗核问题与国际安全@Ayi lang he wen ti yu guo ji an quan@f郑雪飞著@Fzheng xue fei zhu |
| 210 | @a郑州@c河南人民出版社@d2007.11 | |
| 215 | @a30页 | |
| 606 | 0 | @a国际关系 |
| 690 | @aD815.2@v4 | |
| 701 | 0 | @a郑雪飞@Azheng xue fei@4著 |
| 801 | 0 | @aCN@bMUSE@c20181219 |
| 905 | @aMUSE@dD815.2@eZ450 | |
| 伊朗核问题与国际安全/郑雪飞著.-郑州:河南人民出版社,2007.11 |
| 30页 |
| ISBN 7-215-06370-4:CNY1.50 |
| ● |
| 相关链接 |
|
|
|
正题名:伊朗核问题与国际安全
索取号:D815.2/Z450
 
预约/预借
| 序号 | 登录号 | 条形码 | 馆藏地/架位号 | 状态 | 备注 |
| 1 | 1300869 | 213008699 | 社科库509/509社科库 78排8列6层/ [索取号:D815.2/Z450] | 在馆 |